LEADER 01165nam a2200217 u 4500 001 000000073143 003 CaOOAMICUS 005 20070226122322.0 008 020626s1848 it ef u000 u ita u 035 $a10934995 040 $aPUL(R)$bita 100 1 $aPeri, Carlo.$0(OLS)http://pul/name/30562 245 10$aCenni sulla riforma del sistema penitenziario in Toscana :$bcorredati di tutti i regolamenti ed ordini alla medesima relativi ... /$cpubblicazione fatta dall'avv. Carlo Peri. 260 $aFirenze :$bStamperia esistente presso il Penitenziario,$c1848. 300 $a332 p., 9 c. fdi tav. :$bpiante (ripieg.) ;$c25 cm 650 4$aDiritto penale$zItalia$xStudi.$0(OLS)http://pul/subject/17853 850 $aPUL 852 $aPUL$W1$xDP1 Antico 800$y27$m833 G 8$j94545$nBK-PRI$b $qStampati Antico$B94545$CPULBib$Z2$F94545 $H $81 941 1 $a15 996 $6245$aCenni sulla riforma del sistema penitenziario in Toscana :$bcorredati di tutti i regolamenti ed ordini alla medesima relativi ...$9(OLS)http://pul/title/96168 996 $6260$aFirenze :$bStamperia esistente presso il Penitenziario$9(OLS)http://pul/publisher/74260 LEADER 03292nam a2200601 a 4500 001 000000148147 003 CaOOAMICUS 005 20151214142246.0 008 151214s2007 it ak u000 u ita r 020 $a9788808167828 (v. 1)* 020 $a9788808142986 (v. 2)* 020 $a9788808042996 (v. 3)* 020 $a9788808243003 (v. 4)* 032 $aLibriCat 040 $aPUL$bita 041 1 $aita$aeng$heng 082 04$a530 100 1 $aFeynman, Richard Philips,$d1918-1988.$0(OLS)http://pul/name/42058 240 10$aFeynman lectures on physics.$lItaliano.$0(OLS)http://pul/title/186933 245 13$aLa fisica di Feynman . 250 $aEd. completa. 260 $aBologna :$bZanichelli,$c2007. 300 $a4 v. :$bill., formulari ;$c22x28 cm. 500 $aIn cofanetto. 500 $aTesto su due colonne. 505 0 $aV. 1. Meccanica, radiazioni, calore / Richard P. Feynman, Robert B. Leighton, Matthew Sands. -- v. 2. Elettromagnetismo e materia / Richard P. Feynman, Robert B. Leighton, Matthew Sands. -- v. 3. Meccanica quantistica / Richard P. Feynman, Robert B. Leighton, Matthew Sands. -- v. 4. Consigli per risolvere i problemi di fisica / Richard P. Feynman, Michael A. Gottlieb, Ralph Leighton. 546 $aTesto inglese a fronte. 650 4$aFisica$xManuali, trattati, ecc.$0(OLS)http://pul/subject/34183 700 1 $aLeighton, Ralph.$0(OLS)http://pul/name/94621 700 1 $aGottlieb, Michael A.$0(OLS)http://pul/name/94622 700 1 $aSands, Matthew.$0(OLS)http://pul/name/94623 740 02$aConsigli per risolvere i problemi di fisica. 740 02$aMeccanica quantistica. 740 02$aElettromagnetismo e materia . 740 02$aMeccanica, radiazioni, calore. 850 $aPUL 852 $aPUL$W1$xSL Cons. Gen., Altre Classi 3$y75$m530 FEYRI 1.1$j170897$bv. 1$qDDC 21$B171981$CPULBib$Z2$F171981 $H126704 $81 852 $aPUL$W1$xSL Cons. Gen., Altre Classi 3$y75$m530 FEYRI 1.2$j170898$bv. 2$qDDC 21$B171982$CPULBib$Z2$F171982 $H126707 $81 852 $aPUL$W1$xSL Cons. Gen., Altre Classi 3$y75$m530 FEYRI 1.3$j170899$bv. 3$qDDC 21$B171983$CPULBib$Z2$F171983 $H126708 $81 852 $aPUL$W1$xSL Cons. Gen., Altre Classi 3$y75$m530 FEYRI 1.4$j170900$bv. 4$qDDC 21$B171984$CPULBib$Z2$F171984 $H126709 $81 941 1 $a9 996 $6020$a9788808243003 (v. 4)*$9(OLS)http://pul/number/159303 996 $6020$a9788808042996 (v. 3)*$9(OLS)http://pul/number/159302 996 $6020$a9788808142986 (v. 2)*$9(OLS)http://pul/number/159301 996 $6020$a9788808167828 (v. 1)*$9(OLS)http://pul/number/159300 996 $6082$a530$9(OLS)http://pul/classification/2228 996 $6245$aLa fisica di Feynman $9(OLS)http://pul/title/186932 996 $6740$aConsigli per risolvere i problemi di fisica$9(OLS)http://pul/title/186937 996 $6740$aMeccanica quantistica$9(OLS)http://pul/title/186936 996 $6740$aElettromagnetismo e materia $9(OLS)http://pul/title/186935 996 $6740$aMeccanica, radiazioni, calore$9(OLS)http://pul/title/186934 996 $6260$aBologna :$bZanichelli$9(OLS)http://pul/publisher/48255